Ustojčivosť rebristych oboloček pri bolšich peremenjenijach

Uložené v:
Podrobná bibliografia
Hlavní autori: Iľjin, V.P (Autor), Karpov, V.V (Autor)
Médium: Kniha
Jazyk:Russian
Vydavateľské údaje: Leningrad : Strojizdat, 1986
Vydanie:1.vyd.
Tagy: Pridať tag
Žiadne tagy, Buďte prvý, kto otaguje tento záznam!

MARC

LEADER 00000nam a22000003a 4500
001 stu7406
005 20150617225806.4
008 950315s1986----xxr-----------------rus-d
040 |a STU  |b slo 
041 0 |a rus 
044 |a xxr 
080 |a 621.073.5 
080 |a 517.97 
100 1 |a Iľjin, V.P  |4 aut 
245 1 |a Ustojčivosť rebristych oboloček pri bolšich peremenjenijach 
250 |a 1.vyd. 
260 |a Leningrad :  |b Strojizdat,  |c 1986 
300 |a 166 s 
700 1 |a Karpov, V.V  |4 aut 
996 |b E61167  |c E*61167  |l EE03  |s P  |a 0  |w stu7406_0001